Nalaganje...

Gene manipulations in fungi

Bibliografske podrobnosti
Glavni avtor: Bennett, J W
Format: Printed Book
Jezik:Undetermined
English
Izdano: NewYork Acadamic Press 1985
Teme:
LEADER 00582nam a2200193Ia 4500
008 140306s9999 xx 000 0 und d
020 |a 0120886413 
041 |a eng 
082 |a 589.2  |b BEN/GE 
100 |a Bennett, J W 
245 |a Gene manipulations in fungi 
260 |a NewYork  |b Acadamic Press  |c 1985 
300 |a 558 
365 |b USD 39.95 
650 |a Fungi 
650 |a Mycology 
942 |2 ddc  |c BK 
999 |c 111515  |d 111515 
952 |0 0  |1 0  |2 ddc  |4 0  |6 589_200000000000000_BENGE  |7 0  |9 109167  |a KAUHCV  |b KAUHCV  |d 2004-04-05  |g 39.95  |o 589.2 BEN/GE  |p KAU_HCV-21865  |r 2014-03-22  |w 2014-03-22  |y BK